000
00256nam a2200097Ia 4500
001
726296
005
20250826163426.0
008
250824s9999 xx 000 0 und d
245
0
_a
UMUT SOKAĞI ÇOCUKLARI
_c
GÜLSEVİN KIRAL
260
_b
GÜNIŞIĞI KİTAPLIĞI
999
_c
726296
_d
726296